| 000 | 00594cam a2200205ua 4500 | ||
|---|---|---|---|
| 001 | 209 | ||
| 008 | 110324n ii |||gr||||Z||||||eng | ||
| 020 | _a978-0-19-566711-0 | ||
| 020 | _a0-19-566711-5 | ||
| 040 | _cMAIN | ||
| 082 | _a303.4 | ||
| 245 | 1 |
_aIron and social change in early India _ced. by Bhairabi Prasad Sahu |
|
| 250 |
_a1st / _bed. by Bhairabi Prasad Sahu. |
||
| 260 |
_aNew Delhi: _bOxford university press, _c2006. |
||
| 300 |
_axii, 248p.: _c26cm. |
||
| 653 | _aSociology | ||
| 653 | _aSocial change in early India | ||
| 700 |
_aSahu, Bhairabi Prasad, _eEditor. |
||
| 942 | _cBK | ||
| 999 |
_c178 _d178 |
||